000 00722nam a2200217Ii 4500
003 JO-AjNU
008 230605s9999||||xx |||||||||||||| ||und||
017 _a2002/11/2746
040 _aJO-AjNU
_bara
_erda
_cJO-AjNU
041 _aara
050 1 4 _aBP166.8.Q8288 2016
100 3 _aالقضاة، محمد طعمه,
_eauthor
_957853
245 0 0 _aعلامات الساعة من منظور عصري، ج1
250 _aط2
264 3 1 _aعجلون: المؤلف، 2016
300 _aج1، 378ص
_bيشتكل على فهرس ( 369-378)ص
336 _atext
_btxt
_2rdacontent
337 _aunmediated
_bn
_2rdamedia
338 _avolume
_bnc
_2rdacarrier
650 4 _aعلامات الساعة - الاسلام
_957854
999 _aA25950
_c29518
_d29518